| 000 | 00780nam a2200217Ia 4500 | ||
|---|---|---|---|
| 003 | GCL | ||
| 008 | 140319s9999 xx 000 0 ara d | ||
| 020 | _a2554509953 | ||
| 040 |
_aGCL / _cGCL |
||
| 082 | 0 | 4 |
_a320.9568 _bو أ |
| 100 | 1 | _aوهيب الشاعر | |
| 245 | 1 | 0 |
_aالاردن الى اين : _bالهوية الوطنية والاستحقاقات المستقبلية / _cوهيب الشاعر |
| 250 | _aالاولى | ||
| 260 |
_aبيروت : _bمركز دراسات الوحدة العربية ، _c2004 |
||
| 300 |
_a174 ص ؛ _c24 سم |
||
| 650 | 0 | 4 | _aالاردن |
| 650 | 0 | 4 | _aالصراع الاجتماعى |
| 650 | 0 | 4 | _aالاردن - العلاقات الخارجية |
| 650 | 0 | 4 | _aالاردن - الاحوال السياسية |
| 942 |
_2ddc _cBK |
||
| 999 |
_c7475 _d7475 |
||